Представление документа в формате RUSMARC

ПолеНазваниеЗначение
  Тип записи a
  Библиографический уровень a
001 Контрольный номер RU/CBS_UL/BASE/040095027c8a4a24b95330e565e5b709
005 Дата корректировки 20240614152049.6
100 Данные общей обработки __
a Данные общей обработки 20240603 ||| 0rusy0189 ca
101 Язык документа 0_
a Язык текста rus
102 Страна публикации __
a Страна публикации RU
200 Заглавие и сведения об ответственности 1_
a Заглавие Ульяновск и Кахраманмараш: новый этап сотрудничества
e Сведения, относящиеся к заглавию [участие делегации от Ульяновска в IV Международных днях поэзии и литературы в Кахраманмараше (Турция), в составе делегации руководитель дирекции «Ульяновск - литературный город ЮНЕСКО» Елена Черкас]
300 Общие примечания __
a Общие примечания 12+
461 Уровень набора _0
1 2000
a Симбирскъ
463 Уровень физической единицы _0
1 2000
a № 1
v С. 118-119
1 2101
d 2024
1 001RU/CBS_UL/BASE/a7c5f03c8e604fd7b0a0198f2c3eafff
606 Тематические рубрики 0_
a Основная рубрика "Ульяновск - литературный город ЮНЕСКО", программы
610 Ключевые слова 0_
a Ключевые слова литературные города; литературные города ЮНЕСКО
610 Ключевые слова 0_
a Ключевые слова ЮНЕСКО
610 Ключевые слова 0_
a Ключевые слова литературные проекты
610 Ключевые слова 0_
a Ключевые слова программы
686 Индексы других классификаций __
a Классификационный индекс 83.3(2Рос=Рус)6
801 Источник записи _0
a Страна RU
b Организация МБУК ЦБС г. Ульяновска
c Дата составления 20240603
g Правила каталогизации RCR
801 Источник записи _1
a Страна RU
b Организация МБУК ЦБС г. Ульяновска
c Дата составления 20240603
g Правила каталогизации RCR
900 Электронные ресурсы __
a Имя электронного ресурса Ульяновск и Кахраманмараш-с
901 Тип документа __
t Тип документа b
w Контрольный № источника RU/CBS_UL/BASE/a7c5f03c8e604fd7b0a0198f2c3eafff
909 Создатель записи __
a Создатель записи mbo